|
|
|
|
| LEADER |
00000nab a2200000uu 4500 |
| 001 |
vtls010892562 |
| 003 |
SK-MaSNL |
| 005 |
20260303142202.0 |
| 008 |
230222|1999 xo |||||||||||||||||eng| |
| 015 |
|
|
|a SNBRB
|
| 035 |
|
|
|a (urnnbn)urn:nbn:sk:snk:ar-00694u
|
| 035 |
|
|
|a (uuid)22dcabfd-7a24-495b-b9b3-523a227400f2
|
| 035 |
|
|
|a urn:nbn:sk:snk-ab8m2v
|
| 040 |
|
|
|a SNKBUCL
|b slo
|c SNKBUCL
|e AACR2
|
| 041 |
0 |
|
|a eng
|
| 044 |
|
|
|a xo
|c SK
|
| 100 |
1 |
|
|a Chajda, I.
|4 aut
|9 1051711
|
| 245 |
1 |
0 |
|a CONGRUENCE CLASSES IN REGULAR VARIETIES
|c I. Chajda, R. Bělohlávek
|
| 700 |
1 |
|
|a Bělohlávek, R.
|4 aut
|9 1145235
|
| 773 |
0 |
|
|t Acta mathematica Universitatis Comenianae
|g Roč. 68, č. 1 (1999), s. 71-75
|
| 958 |
|
|
|a OND
|
| 958 |
|
|
|a EUIPO
|
| 958 |
|
|
|a article10
|
| 999 |
|
|
|c 1981199
|d 1983129
|